| 000 | 00366nam a2200145Ia 4500 | ||
|---|---|---|---|
| 003 | OSt | ||
| 005 | 20240104120842.0 | ||
| 008 | 170524s9999 xx 000 0 und d | ||
| 020 | _a8180544508 | ||
| 040 | _cIIMT UNIVERSITY | ||
| 100 | _aTRIPATHI- P.C. | ||
| 245 | 0 | _aPERSONNEL MANAGEMENT & INDUSTRIAL RELATIONS | |
| 260 | _bnew delhi : Sultan chand | ||
| 942 |
_2ddc _c02 |
||
| 999 |
_c8373 _d8373 |
||